Human resource management a contemporary perspective (Record no. 21335)
[ view plain ]
| 000 -LEADER | |
|---|---|
| fixed length control field | 006730000a22002530004500 |
| 082 ## - DEWEY DECIMAL CLASSIFICATION NUMBER | |
| Classification number | 658.3 |
| Item number | B38h |
| -- | T |
| 041 ## - LANGUAGE CODE | |
| Language code of text/sound track or separate title | Eng |
| 100 ## - MAIN ENTRY--PERSONAL NAME | |
| Personal name | Beardwell, Ian, ed. |
| 100 ## - MAIN ENTRY--PERSONAL NAME | |
| Personal name | Holden, Len, ed. |
| 245 ## - TITLE STATEMENT | |
| Title | Human resource management a contemporary perspective |
| 260 ## - PUBLICATION, DISTRIBUTION, ETC. (IMPRINT) | |
| Place of publication, distribution, etc | New Delhi |
| Name of publisher, distributor, etc | Macmillan India, India |
| 260 ## - PUBLICATION, DISTRIBUTION, ETC. (IMPRINT) | |
| Date of publication, distribution, etc | 1994 |
| 300 ## - PHYSICAL DESCRIPTION | |
| Extent | x, 694p. |
| Other physical details | illus. |
| 518 ## - DATE/TIME AND PLACE OF AN EVENT NOTE | |
| Date/time and place of an event note | 20000510 |
| 530 ## - ADDITIONAL PHYSICAL FORM AVAILABLE NOTE | |
| Additional physical form available note | M |
| 500 ## - GENERAL NOTE | |
| General note | Bibliography at the end of each chapter |
| 650 ## - SUBJECT ADDED ENTRY--TOPICAL TERM | |
| Topical term or geographic name as entry element | Personnel management |
| 650 ## - SUBJECT ADDED ENTRY--TOPICAL TERM | |
| Topical term or geographic name as entry element | Human resources development |
| 650 ## - SUBJECT ADDED ENTRY--TOPICAL TERM | |
| Topical term or geographic name as entry element | Human resources |
| 650 ## - SUBJECT ADDED ENTRY--TOPICAL TERM | |
| Topical term or geographic name as entry element | Labour market |
| 650 ## - SUBJECT ADDED ENTRY--TOPICAL TERM | |
| Topical term or geographic name as entry element | Employment |
| 650 ## - SUBJECT ADDED ENTRY--TOPICAL TERM | |
| Topical term or geographic name as entry element | Personnel selection |
| 942 ## - ADDED ENTRY ELEMENTS (KOHA) | |
| Koha item type | General Collections |
| Withdrawn status | Lost status | Damaged status | Not for loan | Home library | Current library | Date acquired | Total Checkouts | Barcode | Date last seen | Price effective from | Date checked out |
|---|---|---|---|---|---|---|---|---|---|---|---|
| Tribhuvan University Central Library | Tribhuvan University Central Library | 06/20/2010 | 122213 | 06/20/2010 | 06/20/2010 | ||||||
| Tribhuvan University Central Library | Tribhuvan University Central Library | 06/20/2010 | 2 | 122214 | 07/23/2015 | 06/20/2010 | 07/06/2015 | ||||
| Tribhuvan University Central Library | Tribhuvan University Central Library | 06/20/2010 | 122215 | 06/20/2010 | 06/20/2010 | ||||||
| Tribhuvan University Central Library | Tribhuvan University Central Library | 06/20/2010 | G50480 | 06/20/2010 | 06/20/2010 | ||||||
| Tribhuvan University Central Library | Tribhuvan University Central Library | 06/20/2010 | G50481 | 06/20/2010 | 06/20/2010 |
